000 00590nam a22002417a 4500
003 OSt
005 20180116182959.0
008 140714b xxu||||| |||| 00| 0 eng d
020 _a9788131755327
022 _a9788131755327
040 _c0
050 _a658.1592
082 _a658.1592
100 _aAdelman,Philip J.
245 _aEntrepreneurial Finance.
_cPhilip J.Adelman
250 _a5th.
260 _aNew Delhi
_bPEARSON
_c2010
300 _a446p.
500 _aPaper Cover
600 _aAdelman,Philip J.
700 _aAdelman,Philip J.
942 _2ddc
_cBK
_k658.1592
999 _c349746
_d349746